Gerardo Contreras y el 75 aniversario de la fundación del Partido Comunista de Costa Rica /
Gardado en:
| Autor Principal: | |
|---|---|
| Formato: | Texto |
| Materias: | |
| Etiquetas: |
Engadir etiqueta
Sen Etiquetas, Sexa o primeiro en etiquetar este rexistro!
|
MARC
| LEADER | 00000 a a2200000 04500 | ||
|---|---|---|---|
| 001 | 14565 | ||
| 003 | |||
| 040 | |||
| 100 | |a Roviara Mas, Jorge | ||
| 245 | |a Gerardo Contreras y el 75 aniversario de la fundación del Partido Comunista de Costa Rica / |c Jorge Roviara Mas | ||
| 650 | |a RESEÑAS BIBLIOGRAFICAS | ||
| 773 | |g número 115; páginas 137-141 | ||
| 999 | |c 24202 |d 24202 | ||
| 773 | 0 | |0 18728 |9 3028 |a Universidad de Costa Rica |d San José, Costa Rica Editorial UCR 1956- |o 06316 |t Revista de Ciencias Sociales/ |x 04825276 | |
